000 00684nam a2200277Ia 4500
005 20260324144325.0
008 008 260324s9999 xx 000 0 eng d
020 _a9781315150796
037 _aEBOOK
040 _aCRL
040 _beng
040 _cCRL
041 _2eng
041 _aeng
084 _qCRL
100 _aJulian W.T. Wimpenny
_91218896
245 0 _aCRC Handbook of Laboratory Model Systems for Microbial Ecosystems, Volume I
260 _bTaylor and Francis
260 _c1988
365 _a
365 _b375
856 _uhttp://www.taylorfrancis.com/books/9781315150796
942 _cEBOOK
999 _c1825381
_d1825381